1684 1031 1162 1719 1876 1170 1614 1693 1330 1146 1182 1438 1157 1264 1628 1820 1705 1152 1371 1266 1555 1468 1698 1270 1674 1050 1257 1448 1021 1400 1069 1963 1071 1642 1987 1689 1346 1711 1317 1072 1397 1847 1612 1069 1008 1283 1691 1852 1361 1205 1403 1890 1049 1794 1582 1357 1990 1634 1500 1235 1174 1585 1765 1627 1931 1474 1726 1082 1964 1141 1743 1525 1704 1334 1863 1711 1089 1901 1734 1980 1361 1998 1817 1862 1957 1326 1502 1432 1009 1409 1336 1909 1416 1279 1337 1814 1713 1785 1892 BCNSPRNW ULIB Ver.6.0+V

เปลี่ยนเป็นภาษาไทย

Change to English
 แสดงรายละเอียดบรรณานุกรม
  กลับหน้าหลัก

Brief Record : Get Marc (ISO 2709) : E-mail record : QR code < ปิดหน้าต่าง
LEADER : 00000nam 2200000uu 4500
001    13399122479
003     ULIB
008    130704s||||||||th 000 0 tha d
020    ^a9786167323886
060 04 ^aW225.JT3^bข282น
245 00 ^aยุทธศาสตร์การพัฒนาระบบหลักประกันสุขภาพแห่งชาติปี 2555-2559 /^cสำนักงานหลักประกันสุขภาพแห่งชาติ
250    ^aพิมพ์ครั้งที่ 1
260    ^aนนทบุรี :^bสำนักงานหลักประกันสุขภาพแห่งชาติ,^c2556
300    ^aix, 104 หน้า ;^c26 ซม.
650  2 ^aInsurance, Health^zThailand
650  2 ^aMedically Uninsured^zThailand
650  7 ^aบริการทางการแพทย์
650  7 ^aประกันสุขภาพ^zไทย
650  2 หลักประกันสุขภาพแห่งชาติปี 2555-2559
710 2  ^aสำนักงานหลักประกันสุขภาพแห่งชาติ
945    ^p0^l0^i033721
999    ^aเกษร โพธิ์สุวรรณ
รายการนี้ยังไม่มีแท็ก
คุณยังไม่ได้ล็อกอิน คุณสามารถมีกิจกรรมร่วมกับเว็บไซต์ได้ แต่ต้องล็อกอินก่อน ::
  ล็อกอิน

รายการสื่อสารสนเทศ

ลำดับที่ ประเภท เลขเรียก/บาร์โค้ด สถานที่ สถานะ
1. วิทยาศาสตร์การแพทย์ และสุขภาพ
หนังสือสำรอง
สถานะ=หนังสือสำรอง
W225.JT3 ข282น ฉ.1 
  Barcode: 033721
ห้องสมุดวิทยาเขตสวรรค์ประชารักษ์
►ส่วนจัดเก็บหนังสือเก่า สปร
บนชั้น
  ขอยืม

รายการใกล้เคียง
    หัวเรื่อง [บริการทางการแพทย์]

BibComment


ยังไม่เคยถูกคอมเมนท์

คอมเมนท์ทรัพยากรรายการนี้
  คอมเมนท์: ยุทธศาสตร์การพัฒ..


 Copyright 2026. Bcnsprnw @Library